000 00593nam a2200229Ia 4500
003 OSt
005 20250712144347.0
008 210423s2005 xx 000 0 und d
020 _a812612578952
040 _cAL
041 _aEnglsh
082 _a070.4
_bSHAD
100 _aSHARMA (Seema)
_979441
245 _aDevelopment of journalism
260 _aNew Delhi
_bAnmol Publications
_c2005
300 _avii,377P.
_bPB
_c22x16cm.
365 _b250
_cINR
650 _aJournalism
_979442
650 _aJournalism & Media
_979443
906 _aDevelopment ; journalism
942 _2ddc
_cBK
999 _c156353
_d156353